| 000 | 00496nam a2200133Ia 4500 | ||
|---|---|---|---|
| 008 | 171212s9999 xx 000 0 und d | ||
| 020 | _a9780833031594 | ||
| 100 | _aGerwehr, Scott;Glenn, Russell W. | ||
| 245 |
_cGerwehr, Scott;Glenn, Russell W. _aUnweaving the Web _bDeception and Adaptation in Future Urban Operations |
||
| 260 |
_bRAND Corporation _c2002 |
||
| 650 | _aPolitical Science | ||
| 650 | _aUrban warfare; Deception (Military science) | ||
| 856 | _uwww.jstor.org/stable/10.7249/mr1495a | ||
| 999 |
_c352787 _d352787 |
||